What's under the ocean / (Record no. 603)
[ view plain ]
| 000 -LEADER | |
|---|---|
| fixed length control field | 01002nam a22003137a 4500 |
| 005 - DATE AND TIME OF LATEST TRANSACTION | |
| control field | 20230627093958.0 |
| 020 ## - INTERNATIONAL STANDARD BOOK NUMBER | |
| International Standard Book Number | 0893756520 : |
| Terms of availability | $7.95 (est.) |
| 020 ## - INTERNATIONAL STANDARD BOOK NUMBER | |
| International Standard Book Number | 0893756539 (pbk.) : |
| Terms of availability | $1.25 (est.) |
| 040 ## - CATALOGING SOURCE | |
| Original cataloging agency | DLC |
| Transcribing agency | DLC |
| Modifying agency | DLC |
| Language of cataloging | eng |
| 050 00 - LIBRARY OF CONGRESS CALL NUMBER | |
| Classification number | QH91.16 |
| Item number | .P35 1982 |
| 082 00 - DEWEY DECIMAL CLASSIFICATION NUMBER | |
| Classification number | 574.92 |
| Edition number | 19 |
| 100 2# - MAIN ENTRY--PERSONAL NAME | |
| Personal name | Melvin, Berger. |
| 245 10 - TITLE STATEMENT | |
| Title | What's under the ocean / |
| Statement of responsibility, etc. | written by Melvin and Berger |
| 250 ## - EDITION STATEMENT | |
| Edition statement | First printing, September. |
| 260 ## - PUBLICATION, DISTRIBUTION, ETC. | |
| Place of publication, distribution, etc. | New York : |
| Name of publisher, distributor, etc. | Scholastic. |
| Date of publication, distribution, etc. | 2006. |
| 300 ## - PHYSICAL DESCRIPTION | |
| Extent | 32 pages : |
| Other physical details | color illustrations ; |
| Dimensions | 18 x 22 cm. |
| 490 0# - SERIES STATEMENT | |
| Series statement | Now I know : |
| 505 ## - FORMATTED CONTENTS NOTE | |
| Formatted contents note | F |
| 520 ## - SUMMARY, ETC. | |
| Summary, etc. | Brief text and pictures introduce some animals and plants that live in the ocean. |
| 521 ## - TARGET AUDIENCE NOTE | |
| Target audience note | 330<br/> |
| Source | Lexile <br/> |
| 521 ## - TARGET AUDIENCE NOTE | |
| Target audience note | F <br/> |
| Source | Raz-Plus <br/> |
| 650 #0 - SUBJECT ADDED ENTRY--TOPICAL TERM | |
| Topical term or geographic name entry element | Marine biology |
| General subdivision | Juvenile literature. |
| 650 #1 - SUBJECT ADDED ENTRY--TOPICAL TERM | |
| Topical term or geographic name entry element | Marine biology. |
| 650 #1 - SUBJECT ADDED ENTRY--TOPICAL TERM | |
| Topical term or geographic name entry element | Ocean. |
| 906 ## - LOCAL DATA ELEMENT F, LDF (RLIN) | |
| a | 7 |
| b | cbc |
| c | orignew |
| d | 1 |
| e | ocip |
| f | 19 |
| g | y-gencatlg |
| 942 ## - ADDED ENTRY ELEMENTS (KOHA) | |
| Source of classification or shelving scheme | Dewey Decimal Classification |
| Koha item type | Books |
| Suppress in OPAC | No |
| 999 ## - | |
| -- | 603 |
| -- | 603 |
| Withdrawn status | Lost status | Source of classification or shelving scheme | Damaged status | Not for loan | Collection | Home library | Current library | Shelving location | Date acquired | Total Checkouts | Full call number | Barcode | Date last seen | Price effective from | Koha item type |
|---|---|---|---|---|---|---|---|---|---|---|---|---|---|---|---|
| Dewey Decimal Classification | Non-Fiction | Footprints International School Library Network Toul Kork Campus | Footprints International School Library Network Toul Kork Campus | TK Primary Library Room(4th Floor), Bookcase 7, Shelves 57-60, Dark Green Books | 06/26/2023 | MEL QH91.16 | FISBK04350 | 06/26/2023 | 06/26/2023 | Books |
